| 000 | 007250000a22002050004500 | ||
|---|---|---|---|
| 090 |
_aAR _b02591 |
||
| 245 | 1 | 0 | _aScolytidae (<Coleoptera>) de Costa Rica II. Clave para la subfamilia Scolytinae, Tribus: Scolytini, Ctnophrini, Micracini, Ipini, Dryocoetini, Xyleborini y Cryphalini |
| 650 | 1 | 4 |
_aColeópteros _97857 |
| 650 | 1 | 4 |
_aEntomología _94483 |
| 650 | 1 | 4 |
_aTaxonomía animal _98245 |
| 650 | 1 | 4 |
_aClaves taxonómicas _93514 |
| 651 | 4 |
_fScolytidae _992749 |
|
| 653 | _pCosta Rica | ||
| 041 | 0 | _aEspañol | |
| 700 | 1 |
_aStevens, George C. _993851 |
|
| 700 | 1 |
_aLezama, Humberto J. _996048 |
|
| 100 | 1 |
_aWood, Stephen L. _996049 |
|
| 942 | _cARTICULO | ||
| 773 | 1 |
_tRevista de Biología Tropical _3129 _h2 _q279-306 _d1991 _g39 |
|
| 999 |
_c11655 _d11655 |
||